[Event "NRW Class1 1819"]
[Site "Germany"]
[Date "2018.12.09"]
[Round "4"]
[White "Van Gool, Rudi"]
[Black "Send, Sebastian"]
[Result "1-0"]
[WhiteElo "2225"]
[BlackElo "2158"]
[PlyCount "107"]
[EventDate "2018.09.16"]
[EventType "team-tourn"]
[EventRounds "9"]
[EventCountry "GER"]
[SourceTitle "EXT 2022"]
[Source "ChessBase"]
[SourceDate "2021.10.06"]
[SourceVersion "1"]
[SourceVersionDate "2021.10.06"]
[SourceQuality "1"]
[WhiteTeam "Krefelder Turm"]
[BlackTeam "Weidenau/Geisweid"]
[WhiteTeamCountry "GER"]
[BlackTeamCountry "GER"]

1. d4 Nf6 2. Nf3 c5 3. d5 e6 4. c4 exd5 5. cxd5 d6 6. Nc3 g6 7. Nd2 Nbd7 8. e4 Bg7 9. Be2 0-0 10. 0-0 Ne8 11. Nc4 Nb6 12. Ne3 a6 13. a4 Rb8 14. a5 Na8 15. Nc4 f5 16. exf5 Bxf5 17. Be3 Nac7 18. Qd2 Nb5 19. Nxb5 axb5 20. Na3 b4 21. Nc4 Nc7 22. Rfe1 Be4 23. Bg5 Qd7 24. Nb6 Qf7 25. f3 Bxd5 26. Bd3 Bd4+ 27. Kf1 Qxf3+ 28. gxf3 Rxf3+ 29. Ke2 Rf2+ 30. Kd1 Bb3+ 31. Bc2 Rxd2+ 32. Kxd2 Be6 33. Rab1 Be5 34. Bd3 Kg7 35. Rf1 Re8 36. Bf4 Bxf4+ 37. Rxf4 d5 38. b3 g5 39. Rf2 Rd8 40. Kc2 h6 41. Re1 Rd6 42. Bf5 Bxf5+ 43. Rxf5 Kg6 44. Rfe5 Kh5 45. Kb2 Kh4 46. Rd1 Rf6 47. Rd2 Rf3 48. Nxd5 Nb5 49. Re3 Rf1 50. Re4+ Kh3 51. Ne3 Rf3 52. Nc2 h5 53. Re5 Kh4 54. Rxc5 1-0

[Event "NRW Class2 0809"]
[Site "Germany"]
[Date "2009.03.01"]
[Round "7.2"]
[White "Van Gool, Rudi"]
[Black "Michaelsen, Nils"]
[Result "1/2-1/2"]
[WhiteElo "2219"]
[BlackElo "2409"]
[PlyCount "85"]
[EventDate "2008.09.21"]
[EventType "team-tourn"]
[EventRounds "9"]
[EventCountry "GER"]
[SourceTitle "EXT 2010"]
[Source "ChessBase"]
[SourceDate "2010.11.25"]
[SourceVersion "1"]
[SourceVersionDate "2010.11.25"]
[SourceQuality "1"]
[WhiteTeam "Krefeld"]
[BlackTeam "KKS"]
[WhiteTeamCountry "GER"]
[BlackTeamCountry "GER"]

1. d4 Nf6 2. Nf3 e6 3. c4 b6 4. a3 Bb7 5. Nc3 Ne4 6. Qc2 Nxc3 7. Qxc3 Be7 8. e3 0-0 9. Bd3 c5 10. d5 exd5 11. cxd5 d6 12. Qc2 h6 13. e4 b5 14. 0-0 c4 15. Be2 Nd7 16. Nd4 a6 17. a4 Bf6 18. Be3 Nc5 19. axb5 Bxd4 20. Bxd4 Nb3 21. Qc3 Nxd4 22. Qxd4 axb5 23. b3 cxb3 24. Rxa8 Bxa8 25. Qb4 Qb6 26. Qxb3 b4 27. Rb1 Rb8 28. h3 Qd4 29. Qc4 Qb6 30. Rb3 f6 31. Bg4 Kh8 32. Bf5 Qc5 33. Qd3 Bb7 34. Qg3 Bc8 35. Bxc8 Rxc8 36. Qg4 Rc7 37. Rg3 Qc4 38. Qe6 b3 39. Qe8+ Kh7 40. Qg6+ Kh8 41. Qe8+ Kh7 42. Qg6+ Kh8 43. Qe8+ 1/2-1/2

[Event "NRW Class2 0809"]
[Site "Germany"]
[Date "2008.11.30"]
[Round "4.2"]
[White "Gscheidmeyer, Hans Jochen"]
[Black "Van Gool, Rudi"]
[Result "0-1"]
[WhiteElo "2172"]
[BlackElo "2219"]
[PlyCount "102"]
[EventDate "2008.09.21"]
[EventType "team-tourn"]
[EventRounds "9"]
[EventCountry "GER"]
[SourceTitle "EXT 2010"]
[Source "ChessBase"]
[SourceDate "2010.11.25"]
[SourceVersion "1"]
[SourceVersionDate "2010.11.25"]
[SourceQuality "1"]
[WhiteTeam "Heiden"]
[BlackTeam "Krefeld"]
[WhiteTeamCountry "GER"]
[BlackTeamCountry "GER"]

1. Nf3 f5 2. c4 Nf6 3. g3 g6 4. Bg2 Bg7 5. 0-0 d6 6. d4 0-0 7. Nc3 Qe8 8. Nd5 Nxd5 9. cxd5 Qb5 10. Ng5 h6 11. Ne6 Bxe6 12. dxe6 d5 13. Be3 c6 14. Qd2 Kh7 15. h4 Rf6 16. a4 Qb6 17. h5 g5 18. Qd3 Kh8 19. Ra3 Na6 20. Rb3 Qc7 21. Bh3 Raf8 22. Bd2 Qc8 23. Rc1 Nc7 24. f3 Nxe6 25. e4 dxe4 26. fxe4 g4 27. exf5 gxh3 28. fxe6 Qxe6 29. Bf4 Qg4 30. Be5 Rf3 31. Qe2 Bxe5 32. Qxe5+ Kg8 33. Rxf3 Rxf3 34. Rc3 h2+ 35. Kxh2 Rf2+ 36. Kg1 Qe2 37. Qxe2 Rxe2 38. b3 Rd2 39. Re3 Kf7 40. Re4 Rd3 41. Rg4 Rxb3 42. Kf2 Rb4 43. Ke3 e5 44. Rg6 exd4+ 45. Ke4 Rxa4 46. Rxh6 d3+ 47. Kxd3 Rg4 48. Rh7+ Rg7 49. Rxg7+ Kxg7 50. Kc4 a5 51. g4 Kh6 0-1

[Event "NRW Class2 0809"]
[Site "Germany"]
[Date "2008.10.12"]
[Round "2.2"]
[White "Van Gool, Rudi"]
[Black "Richter, Christian"]
[Result "0-1"]
[WhiteElo "2219"]
[BlackElo "2403"]
[PlyCount "114"]
[EventDate "2008.09.21"]
[EventType "team-tourn"]
[EventRounds "9"]
[EventCountry "GER"]
[SourceTitle "EXT 2010"]
[Source "ChessBase"]
[SourceDate "2010.11.25"]
[SourceVersion "1"]
[SourceVersionDate "2010.11.25"]
[SourceQuality "1"]
[WhiteTeam "Krefeld"]
[BlackTeam "Emsdetten II"]
[WhiteTeamCountry "GER"]
[BlackTeamCountry "GER"]

1. d4 Nf6 2. Nf3 g6 3. Nbd2 Bg7 4. e4 d6 5. Bd3 0-0 6. 0-0 Nc6 7. c3 e5 8. Re1 Nd7 9. Nb3 Nb6 10. Be3 Bd7 11. Qc1 Re8 12. Bg5 Qc8 13. dxe5 Nxe5 14. Nxe5 Bxe5 15. Nd4 Na4 16. Bc4 Nc5 17. Qc2 Bg7 18. Rad1 a6 19. f3 b5 20. Bf1 Qb7 21. Qd2 a5 22. Nc2 Na4 23. Ne3 h6 24. Bh4 Be6 25. Nd5 Bxd5 26. exd5 b4 27. Qc2 Nc5 28. Bc4 Nd7 29. Qa4 Rxe1+ 30. Bxe1 Nc5 31. Qc2 bxc3 32. Bxc3 Qb6 33. Kf1 Bxc3 34. bxc3 Re8 35. Rb1 Qa7 36. Qd2 Kh7 37. Qf4 Kg7 38. Qd4+ Kg8 39. Bb5 Re5 40. Re1 Rxe1+ 41. Kxe1 Qb8 42. c4 Qd8 43. Qd2 Qe7+ 44. Kd1 Qe5 45. Qxa5 Qxh2 46. Qd2 Qg1+ 47. Kc2 Qa1 48. Qa5 g5 49. Qxc7 Qxa2+ 50. Kd1 Qb1+ 51. Ke2 Qc2+ 52. Kf1 Qc1+ 53. Ke2 Qc2+ 54. Kf1 Qd1+ 55. Kf2 Nd3+ 56. Ke3 Nf4 57. c5 Nxd5+ 0-1

[Event "NRW Class2 0809"]
[Site "Germany"]
[Date "2008.09.21"]
[Round "1.2"]
[White "Bubolz, Holger"]
[Black "Van Gool, Rudi"]
[Result "1/2-1/2"]
[WhiteElo "2174"]
[BlackElo "2219"]
[PlyCount "84"]
[EventDate "2008.09.21"]
[EventType "team-tourn"]
[EventRounds "9"]
[EventCountry "GER"]
[SourceTitle "EXT 2010"]
[Source "ChessBase"]
[SourceDate "2010.11.25"]
[SourceVersion "1"]
[SourceVersionDate "2010.11.25"]
[SourceQuality "1"]
[WhiteTeam "Hagen"]
[BlackTeam "Krefeld"]
[WhiteTeamCountry "GER"]
[BlackTeamCountry "GER"]

1. c4 f5 2. g3 Nf6 3. Bg2 g6 4. Nc3 Bg7 5. d4 d6 6. Nf3 0-0 7. 0-0 Qe8 8. d5 Na6 9. Nd4 Bd7 10. Rb1 c6 11. b3 Nc7 12. e3 c5 13. Nde2 b5 14. cxb5 Nxb5 15. Bb2 a5 16. Re1 Nxc3 17. Bxc3 Qf7 18. Qd3 g5 19. f4 h6 20. Bf3 Ne4 21. Bxg7 Kxg7 22. Nc3 Nxc3 23. Qxc3+ Qf6 24. Qd2 Rfb8 25. Rec1 Rb4 26. Rc4 Bb5 27. Rxb4 axb4 28. Rc1 Ra7 29. Be2 Bxe2 30. Qxe2 e5 31. dxe6 Qxe6 32. Qd2 Re7 33. Kf2 Qe4 34. Rd1 Re6 35. Qd3 d5 36. Qxe4 dxe4 37. fxg5 hxg5 38. Rd5 Ra6 39. g4 fxg4 40. Rxg5+ Kf6 41. Rxc5 Rxa2+ 42. Kg3 Re2 1/2-1/2

[Event "NRW Class1 0708"]
[Site "Germany"]
[Date "2008.02.10"]
[Round "6.3"]
[White "Van Gool, Rudi"]
[Black "Michielsen, Joost"]
[Result "1-0"]
[WhiteElo "2199"]
[BlackElo "2314"]
[PlyCount "95"]
[EventDate "2007.09.16"]
[EventType "team"]
[EventRounds "9"]
[EventCountry "GER"]
[SourceTitle "EXT 2009"]
[Source "ChessBase"]
[SourceDate "2008.11.26"]
[SourceVersion "1"]
[SourceVersionDate "2008.11.26"]
[SourceQuality "1"]
[WhiteTeam "Krefeld"]
[BlackTeam "Castrop Rauxel"]
[WhiteTeamCountry "GER"]
[BlackTeamCountry "GER"]

1. d4 Nf6 2. Nf3 g6 3. Nbd2 d5 4. e3 Bg7 5. b4 0-0 6. Bb2 c6 7. c4 Bg4 8. Be2 Qd6 9. a3 Nbd7 10. 0-0 Bxf3 11. Nxf3 Ne4 12. Qb3 Rad8 13. Rad1 Kh8 14. Ne1 e6 15. Nd3 Qe7 16. Nc5 Nd6 17. Nxd7 Rxd7 18. cxd5 cxd5 19. a4 Rc8 20. Rc1 Rdc7 21. Rxc7 Rxc7 22. b5 Qd7 23. Rc1 Rxc1+ 24. Bxc1 Qc7 25. Ba3 Nc4 26. Qb4 b6 27. Bxc4 dxc4 28. Qd6 Qxd6 29. Bxd6 e5 30. dxe5 c3 31. Kf1 c2 32. Ba3 Bxe5 33. Ke2 g5 34. h3 h5 35. f3 Kg7 36. Kd3 Kf6 37. Kxc2 Ke6 38. Kd3 Kd5 39. Bb4 f5 40. Be7 g4 41. fxg4 fxg4 42. Bg5 Kc5 43. Bf4 Bf6 44. hxg4 hxg4 45. Bb8 Kb4 46. Bxa7 Bd8 47. Bb8 Kxa4 48. Kc4 1-0

[Event "LiSB-ch"]
[Site "Heerlen"]
[Date "1999.11.27"]
[Round "5"]
[White "Van Gool, Rudi"]
[Black "Driessens, Patrick"]
[Result "1/2-1/2"]
[WhiteElo "2106"]
[BlackElo "2214"]
[PlyCount "96"]
[EventDate "1999.11.20"]
[EventType "swiss"]
[EventRounds "7"]
[EventCountry "NED"]
[SourceTitle "EXT 2001"]
[Source "ChessBase"]
[SourceDate "2000.11.22"]
[SourceVersion "1"]
[SourceVersionDate "2000.11.22"]
[SourceQuality "1"]

1. e4 e6 2. d4 d5 3. Nc3 Bb4 4. e5 c5 5. a3 Bxc3+ 6. bxc3 Ne7 7. h4 f6 8. Qg4 Nf5 9. Bd3 0-0 10. exf6 Qxf6 11. Nf3 Nc6 12. Qg5 e5 13. dxe5 Nxe5 14. Qxf6 Nxf3+ 15. gxf3 Rxf6 16. Bxf5 Bxf5 17. Bg5 Re6+ 18. Kd2 Rae8 19. Rhe1 Rxe1 20. Rxe1 Rxe1 21. Kxe1 Bxc2 22. Kd2 Bf5 23. Be3 b6 24. Bf4 a6 25. Bc7 b5 26. Bb6 d4 27. cxd4 c4 28. d5 Kf7 29. Kc3 Bd7 30. Kd4 Kf6 31. Ba5 Kf5 32. Bd2 g6 33. Kc5 Ke5 34. Bc3+ Kf4 35. Kd6 Bf5 36. Kc6 Kxf3 37. d6 Kxf2 38. d7 Bxd7+ 39. Kxd7 Ke2 40. Kc6 Kd3 41. Bg7 c3 42. Bh6 Kc4 43. Kb6 b4 44. axb4 Kxb4 45. Kxa6 c2 46. Kb6 Kc4 47. Bg5 Kd3 48. Kc5 Ke4 1/2-1/2

[Event "LiSB-ch"]
[Site "Heerlen"]
[Date "1999.11.21"]
[Round "3"]
[White "Boonen, Piet"]
[Black "Van Gool, Rudi"]
[Result "0-1"]
[WhiteElo "1993"]
[BlackElo "2106"]
[PlyCount "40"]
[EventDate "1999.11.20"]
[EventType "swiss"]
[EventRounds "7"]
[EventCountry "NED"]
[SourceTitle "EXT 2001"]
[Source "ChessBase"]
[SourceDate "2000.11.22"]
[SourceVersion "1"]
[SourceVersionDate "2000.11.22"]
[SourceQuality "1"]

1. e4 e6 2. d4 d5 3. Nd2 Nf6 4. e5 Nfd7 5. Bd3 c5 6. c3 Nc6 7. Ne2 cxd4 8. cxd4 Qb6 9. Nf3 f6 10. exf6 Nxf6 11. 0-0 Bd6 12. a3 0-0 13. b4 Bd7 14. Bg5 e5 15. dxe5 Nxe5 16. Nxe5 Bxe5 17. Rb1 Ng4 18. Bh4 Bxh2+ 19. Kh1 Qh6 20. g3 Nxf2+ 0-1